The zincali (Record no. 152432)

MARC details
000 -LEADER
campo de control de longitud fija 00821nam a2200205 i 4500
001 - NÚMERO DE CONTROL
campo de control 152432
003 - IDENTIFICADOR DE NÚMERO DE CONTROL
campo de control ES-MaACL
005 - FECHA Y HORA DE LA ÚLTIMA TRANSACCIÓN
campo de control 20230906204737.0
008 - DATOS DE LONGITUD FIJA--INFORMACIÓN GENERAL
campo de control de longitud fija 051013s1902 xxk |||| | eng d
080 ## - NÚMERO DE LA CLASIFICACIÓN DECIMAL UNIVERSAL
Número de la Clasificación Decimal Universal 397.7(=214.58:460)
100 1# - ENTRADA PRINCIPAL--NOMBRE DE PERSONA
Nombre de persona Borrow, George Henry (
Fechas asociadas al nombre 1803-1881)
9 (RLIN) 30609
245 10 - MENCIÓN DEL TÍTULO
Título The zincali
Resto del título : or an account of the gypsies of Spain, with an original collection of their and a copius dictionary of their language /
Mención de responsabilidad, etc. by George Borrow.
260 ## - PUBLICACIÓN, DISTRIBUCIÓN, ETC.
Lugar de publicación, distribución, etc. London and New York :
Nombre del editor, distribuidor, etc. John Lane,
Fecha de publicación, distribución, etc. 1902 (
Fabricante William Clowes and Sons)
300 ## - DESCRIPCIÓN FÍSICA
Extensión XXI, 493 p. ;
Dimensiones 15 cm.
650 #4 - PUNTO DE ACCESO ADICIONAL DE MATERIA--TÉRMINO DE MATERIA
Término de materia o nombre geográfico como elemento de entrada Gitanos-
Subdivisión geográfica España.
9 (RLIN) 146948
650 #4 - PUNTO DE ACCESO ADICIONAL DE MATERIA--TÉRMINO DE MATERIA
Término de materia o nombre geográfico como elemento de entrada Dialecto caló.
9 (RLIN) 149852
740 32 - ENTRADA AGREGADA--TÍTULO RELACIONADO/ANALÍTICO NO CONTROLADO
Título relacionado o analítico no controlado An account of the gypsies of Spain.
752 ## - ENTRADA AGREGADA--NOMBRE JERÁRQUICO DEL LUGAR
País o entidad superior Estados Unidos de América -
Ciudad Nueva York
852 ## - LOCALIZACIÓN
Ubicación ES-MaACL
Número de control de estantería G-2931
Nota libre - Enc. tela con hierros
Holdings
Estatus retirado Estado de pérdida Estado de daño No para préstamo Biblioteca de origen Biblioteca actual Ubicación en estantería Fecha de adquisición Fuente de adquisición Total de préstamos Signatura topográfica completa Código de barras Visto por última vez Precio de reemplazo Tipo de ítem Koha
        Biblioteca del Ateneo de Madrid Biblioteca del Ateneo de Madrid Depósito 2 17/01/2008     G-2931 1159169 23/02/2023 23/02/2023 Libro impreso